| 000 | 00886nam a22002657a 4500 | ||
|---|---|---|---|
| 003 | PE SENCICO BE | ||
| 005 | 20251020182620.0 | ||
| 008 | 221124b |||||||| |||| 00| 0 eng d | ||
| 020 | _a978-607-17-1976-8 | ||
| 040 |
_aPE SENCICO BE _cPE SENCICO BE |
||
| 041 | _aspa | ||
| 082 |
_a693.177 _bL51 |
||
| 100 | 1 |
_968 _aLesur, Shanti |
|
| 245 | 1 |
_aManual básico de albañilería y autoconstrucción 3 : _bun guía paso a paso / _ccoordinación: Lesur Shanti |
|
| 250 | _a1a ed. | ||
| 260 |
_aMéxico, D.F.: _bTrillas, _c2014 |
||
| 300 |
_a88 p.: _bdiagrs., fotog.; _c27 cm. |
||
| 490 | _3Como hacer bien y fácilmente | ||
| 650 | 1 | 0 |
_aAlbañilería _961 |
| 650 | 2 | 0 |
_aConstrucción de viviendas _959 |
| 650 | 2 | 4 |
_970 _aTECHOS |
| 650 | 2 | 0 |
_aMateriales de construcción _971 |
| 650 | 2 | 4 |
_972 _aARCOS Y COMPONENTES DE ARCO |
| 942 |
_2ddc _cLIB _h693.177 _iL51 _n0 |
||
| 999 |
_c3638 _d3638 |
||